| 000 | 00479nam a22001577a 4500 | ||
|---|---|---|---|
| 020 | _a978-81-8481-792-8 | ||
| 082 |
_a540 _bOSW/C |
||
| 100 | _aOSWAAL | ||
| 245 | _aCHEMISTRY-CBSE QUESTION BANK CHAPTERWISE SOLUTION-XII | ||
| 246 |
_aCHEMISTRY-CBSE QUESTION BANK CHAPTERWISE SOLUTION-XII _bCHEMISTRY-CBSE QUESTION BANK CHAPTERWISE SOLUTION-XII |
||
| 260 |
_aAGRA _bOSWAAL _c2013 |
||
| 300 | _a247 | ||
| 520 | _aCHEMISTRY CHAPTERWISE SOLUTION | ||
| 650 | _aCHEMISTRY | ||
| 942 | _cBK | ||
| 999 |
_c8543 _d8543 |
||